000 00701nam a2200241Ia 4500
003 OSt
005 20220918212132.0
006 a|||||r|||| 00| 0
007 ta
008 220917b |||||||| |||| 00| 0 eng d
024 _a127,378
037 _cTextual
040 _aARTS
_cARTS
_beng
041 _2eng
_aeng
082 _aX0Y1u25281, J9
110 _aNational Council Of Applied Economic Research (New Delhi)
_942464
245 0 _aRehabilitation and development of Basti district
260 _c1959
650 _aECONOMICS
700 _aNational Council Of Applied Economic Research (New Delhi)
_942465
942 _hX0Y1u25281, J9
_cTEXL
_2CC
999 _c250520
_d250520